Gaming Quiz

Random Gaming or Board Games Quiz

Monopoly: Sent by Chance Quiz Stats

 Plays Quiz Updated Jan 20, 2015

Challenge
Share
Tweet
Embed
Score 0/13 Timer 02:00
4 Plays Today
Space % Correct
Jail ('Go to Jail')
92.4%
Go ('Advance to Go')
88.3%
Boardwalk ('Take a walk on the Board walk')
78.3%
Reading Railroad ('Take a ride on the Reading' or 'Advance token to the nearest Railroad')
68.4%
B&O Railroad ('Advance token to the nearest Railroad')
53%
Water Works ('Advance token to nearest utility')
52.1%
Electric Company ('Advance token to nearest utility')
50%
Illinois Avenue: ('Advance to Illinois Avenue')
46.2%
St. Charles Place ('Advance to St. Charles Place')
45.4%
New York Avenue ('Go back 3 spaces' drawn on second Chance space)
40.3%
Pennsylvania Railroad ('Advance token to the nearest Railroad')
35.2%
Income Tax ('Go back 3 spaces' drawn on first Chance space)
31.3%
Community Chest ('Go back 3 spaces' drawn on third Chance space)
28.3%

You're not logged in!

Compare scores with friends on all Sporcle quizzes.
Join for Free
OR
Log In

You Might Also Like...

Show Comments

Extras

Top Quizzes Today


Score Distribution

Your Account Isn't Verified!

In order to create a playlist on Sporcle, you need to verify the email address you used during registration. Go to your Sporcle Settings to finish the process.

Report this User

Report this user for behavior that violates our Community Guidelines.

Details: